000
00353 a2200169 4500
001
44502
020
_a
040
_c
Anchieta - Aquarius
100
_a
Brito, Willian
240
1
0
_a
Viagem ao Cretáceo
_l
por
245
1
0
_a
Viagem ao Cretáceo
300
_a
27
362
0
_a
1997
440
1
_a
Bagaço
650
4
_a
Literatura juvenil
942
_c
BK
999
_c
44502
_d
44502